[Event "German Masters 2020"]
[Site "Magdeburg"]
[Date "2020.08.16"]
[Round "1.1"]
[White "Meier, Georg"]
[Black "Huschenbeth, Niclas"]
[Result "1/2-1/2"]
[WhiteElo "2621"]
[BlackElo "2605"]
[Annotator "TA"]
[PlyCount "83"]
[EventDate "2020.08.16"]
[EventType "tourn"]
[EventCountry "GER"]
[SourceTitle "playchess.com"]
[Source "ChessBase"]
[SourceQuality "1"]

{[%evp 11,83,17,22,19,22,22,22,22,22,22,20,20,20,20,21,16,19,36,20,12,5,10,13,8,23,13,45,45,45,45,45,45,45,31,31,31,37,18,21,10,7,0,0,0,0,0,0,0,9,0,0,0,0,0,0,0,0,0,0,0,0,0,0,0,0,0,0,0,0,0,0,0,0,0]} 1. c4 Nf6 2. Nf3 e6 3. g3 d5 4. d4 dxc4 5. Bg2 a6 6. O-O Nc6 7. Bg5 {E04: Open Catalan: 5 Nf3.} Be7 8. e3 O-O $1 {[%mdl 4] is recently more successful than 8...Bd7.} 9. Nbd2 e5 10. Nxe5 Nxe5 11. dxe5 Ng4 12. Bxe7 Qxe7 13. Nxc4 Nxe5 14. Nxe5 Qxe5 15. Qb3 c6 16. Rfd1 Qc7 17. Qc3 {[#]} a5 $146 ({Predecessor:} 17... Be6 18. a4 a5 19. Bf3 Rad8 20. b4 Rxd1+ 21. Rxd1 axb4 22. Qxb4 g6 23. Rb1 Bc8 {½-½ (44) Figlio,G (2493)-Hernandez Molina,D (2348) ICCF email 2018}) 18. a3 Qe7 19. Rd4 Be6 20. Rad1 h6 21. R1d2 Qc7 22. h4 Rfd8 23. Be4 Qb6 24. Bc2 Kf8 {The position is equal.} 25. Rxd8+ Rxd8 26. b4 (26. Rxd8+ {is interesting.} Qxd8 27. Qe5 Kg8 28. Kf1 Bc4+ 29. Ke1) 26... axb4 27. axb4 Rxd2 28. Qxd2 Ke7 29. Qc3 Kf8 30. Kf1 Qb5+ 31. Ke1 Qc4 32. Qxc4 Bxc4 $11 {[%mdl 4096] Endgame KB-KB} 33. Kd2 Ke7 34. Kc3 Be6 35. Kd4 Kd6 36. e4 f6 37. f4 b6 38. e5+ fxe5+ 39. fxe5+ Ke7 40. Be4 Kd7 41. Bd3 Ke7 42. Ke4 {Accuracy: White = 100%, Black = 96%.} 1/2-1/2

[Event "German Masters 2020"]
[Site "Magdeburg"]
[Date "2020.08.16"]
[Round "1.2"]
[White "Heimann, Andreas"]
[Black "Bluebaum, Matthias"]
[Result "1/2-1/2"]
[WhiteElo "2633"]
[BlackElo "2647"]
[Annotator "TA"]
[PlyCount "92"]
[EventDate "2020.08.16"]
[EventType "tourn"]
[EventCountry "GER"]
[SourceTitle "playchess.com"]
[Source "ChessBase"]
[SourceQuality "1"]

{[%evp 23,92,0,0,0,2,0,0,0,0,0,0,0,2,6,8,-13,30,24,38,19,48,51,69,62,63,41,52,54,62,59,59,59,57,28,48,63,65,60,53,14,14,0,0,0,0,0,0,0,43,0,84,0,0,0,0,0,0,0,72,0,0,0,0,0,0,0,0,0,57,0,0]} 1. e4 e6 2. d4 d5 3. Nc3 Nf6 4. e5 Nfd7 5. f4 c5 6. Nf3 Nc6 7. Be3 cxd4 8. Nxd4 Bc5 9. Qd2 O-O 10. O-O-O Nxd4 11. Bxd4 a6 12. h4 b5 13. a3 {13.h5 is becoming the main line. C11: French: Classical System: 4 e5 and 4 Bg5 dxe4.} Rb8 14. Bxc5 Nxc5 15. Qd4 Qb6 16. b4 Nd7 $1 17. h5 {[#]} h6 $146 ({Predecessor:} 17... Bb7 18. h6 g6 19. Qxb6 Nxb6 20. Ne2 Rbc8 21. Nd4 Rc3 22. Rd3 Rc7 23. g4 Re8 {½-½ (50) Schuller,J (2384)-Svoboda,F (2379) ICCF email 2012}) 18. Qxb6 Nxb6 19. Ne2 Bd7 20. Nd4 Rfc8 21. Rh3 Na4 22. Kd2 Rc7 23. Rb1 Rbc8 24. Rbb3 Nb6 25. g4 Nc4+ 26. Bxc4 $1 dxc4 27. Rbg3 Rd8 28. c3 a5 29. Ke3 axb4 30. axb4 Ra7 31. f5 Ra1 32. Kf4 Rf1+ 33. Rf3 Rd1 34. Rf2 Ra8 35. Rhf3 Ra3 36. Rg3 (36. Rf1 $5 {[%cal Rf1d1]} Raa1 37. Rxd1 Rxd1 38. Rf2 $14) 36... Re1 {[#]} (36... Kh7 $11 {remains equal.}) 37. Rff3 (37. Rd2 $1 $16 {Threatens to win with Nf3.} Rh1 38. f6) 37... Ra2 38. Re3 Rd1 39. f6 Rh2 40. Rh3 Rf1+ {[#]} (40... Ra2 $11 {keeps the balance.}) 41. Rhf3 (41. Ref3 $1 $16 Rxh3 42. Rxf1 Rxc3 43. Ra1) 41... Rd1 $11 42. Rh3 Rhd2 43. Rhg3 Rf2+ 44. Rgf3 Rh2 45. Rh3 Rf1+ ({Black should play} 45... Rg2 $11) 46. Rhf3 ({White should try} 46. Ref3 $1 $14 Rxh3 47. Rxf1 Rxc3 48. Ra1) 46... Rd1 {Accuracy: White = 80%, Black = 81%.} 1/2-1/2

[Event "German Masters 2020"]
[Site "Magdeburg"]
[Date "2020.08.16"]
[Round "1.3"]
[White "Kollars, Dmitrij"]
[Black "Donchenko, Alexander"]
[Result "0-1"]
[WhiteElo "2586"]
[BlackElo "2646"]
[Annotator "TA"]
[PlyCount "88"]
[EventDate "2020.08.16"]
[EventType "tourn"]
[EventCountry "GER"]
[SourceTitle "playchess.com"]
[Source "ChessBase"]
[SourceQuality "1"]

{[%evp 15,88,17,20,8,35,0,51,54,60,0,0,0,0,0,50,29,98,72,87,49,57,67,58,34,112,116,118,71,66,74,38,21,57,0,103,0,0,0,0,0,0,0,0,0,0,-8,-8,-44,-36,-73,-72,-91,-72,-71,-72,-91,-87,-77,-86,-272,-233,-227,-221,-510,-510,-485,-494,-475,-469,-429,-420,-482,-454,-525,-502]} 1. e4 c5 2. Nf3 d6 3. d4 cxd4 4. Nxd4 Nf6 5. Nc3 a6 6. Be3 e6 7. Be2 Qc7 8. Qd2 b5 9. a3 {B84: Sicilian Scheveningen: 6 Be2 a6, lines without early Be3.} Nbd7 10. g4 Ne5 (10... Bb7 $11) 11. g5 $14 {White is slightly better.} Nfg4 {[#]} 12. f4 $146 (12. O-O-O $14) ({Predecessor:} 12. Bf4 Nc4 13. Bxc4 Qxc4 14. Bg3 Ne5 15. O-O-O Be7 16. f4 Nc6 17. Nxc6 Qxc6 18. f5 exf5 {1-0 (45) Haring,V (2209)-Chovan,M (2256) Slovakia 2016}) 12... Nxe3 $11 13. Qxe3 Nc4 14. Bxc4 $1 Qxc4 15. O-O-O Be7 (15... Bd7 $11 {keeps the balance.}) 16. h4 Bd7 17. f5 a5 18. e5 d5 $1 19. f6 Bc5 (19... gxf6 $14 20. gxf6 (20. exf6 Bd6 $15) 20... Bc5) 20. fxg7 $16 Rg8 21. b3 Bxa3+ 22. Kb1 Qc5 23. Qd3 {[%cal Rc3b5]} a4 24. Ncxb5 ({White should try} 24. h5 $14 Rxg7 25. g6) 24... Ke7 (24... Rxg7 $11 25. Rhf1 axb3 26. cxb3 Kf8) 25. Nxa3 ({White should play} 25. Qf1 $1 $16 {[%cal Rf1f6] Black must now prevent Qf6+.} Rxg7 26. Rh3 (26. Nxa3 Qxa3 27. Rd2 axb3 $17)) 25... Qxa3 $11 26. Qc3 ({Don't go for} 26. Nf5+ $2 exf5 27. Qxd5 Ra7 $19) 26... axb3 27. Nxb3 Rxg7 28. Rd4 Rgg8 {Threatens to win with ...Qa2+.} 29. Qb4+ Qxb4 30. Rxb4 Rgb8 31. Rf4 Ra4 32. Rhf1 Be8 $1 $36 {[%mdl 2048] White is under strong pressure.} 33. Kb2 Rbb4 34. Rxb4 Rxb4 $17 {[%mdl 4096] Endgame KRB-KRN} 35. Ra1 Rxh4 {Hoping for ...Re4.} 36. Ra7+ {[#]} Kf8 $1 {Strongly threatening ...Re4.} 37. Nc5 $2 {White does not recover from this.} (37. Ra8 $17) 37... Rb4+ 38. Kc1 {[#]} Rc4 $1 {[%cal Rc4c5]} 39. Rc7 $2 (39. Ra5) 39... Ba4 $19 40. Kd2 Rxc2+ 41. Kd3 {White hopes to continue with Nd7+.} Rc4 42. Ke3 Kg8 43. Kf2 Bd1 44. Ke3 Bg4 {Accuracy: White = 54%, Black = 81%.} 0-1

[Event "German Masters 2020"]
[Site "Magdeburg"]
[Date "2020.08.16"]
[Round "1.4"]
[White "Fridman, Daniel"]
[Black "Nisipeanu, Liviu-Dieter"]
[Result "1/2-1/2"]
[WhiteElo "2615"]
[BlackElo "2655"]
[Annotator "TA"]
[PlyCount "84"]
[EventDate "2020.08.16"]
[EventType "tourn"]
[EventCountry "GER"]
[SourceTitle "playchess.com"]
[Source "ChessBase"]
[SourceQuality "1"]

{[%evp 13,84,32,40,25,32,37,54,39,60,18,17,24,54,49,68,59,80,90,80,29,35,41,44,44,44,44,46,45,46,45,73,73,85,70,73,83,122,83,94,119,127,123,115,59,56,55,55,42,54,54,54,54,55,36,49,31,31,27,27,27,27,27,27,27,27,16,27,0,0,0,0,0,99]} 1. d4 f5 2. g3 Nf6 3. Bg2 g6 4. Nd2 Bg7 5. e4 fxe4 6. Nxe4 Nxe4 7. Bxe4 d5 8. Bg2 {A81: Dutch Defence: 2 g3.} Nc6 9. Nf3 {[#]} Bf5 $146 ({Predecessor:} 9... O-O 10. c3 Bf5 11. Nh4 Be6 12. f4 Qd7 13. O-O Bh3 14. Be3 Bxg2 15. Kxg2 e6 {½-½ (42) Dubov,D (2690)-Anton Guijarro,D (2685) Moscow 2019}) 10. O-O {White is slightly better.} Qd7 11. Bf4 O-O-O 12. Re1 Rhf8 13. c3 Bg4 14. Qd3 Rde8 15. Ne5 Bxe5 16. Bxe5 (16. dxe5 $16 Rd8 17. Bh6) 16... Bh3 $11 17. Re3 Bxg2 18. Kxg2 Rf5 19. Qe2 $36 {[%mdl 2048] White is more active.} Ref8 20. Rf1 h5 21. h3 b6 22. g4 hxg4 23. hxg4 R5f7 24. Bg3 Rh7 25. Re6 Rf6 26. Re1 g5 27. Re3 Rhh6 28. Rh1 ({White should try} 28. b4 $16 {aiming for b5.} e6 29. a4) 28... Rxh1 $14 29. Kxh1 Kb7 30. Kg2 e6 31. Qd2 Rh6 32. Re1 Qg7 33. f3 a5 34. a4 Qf6 35. Qd3 (35. Kf2 {seems wilder.} Rh7 36. Qe2 Rh6 37. Qe3 Qg6 38. Rc1) 35... Ne7 36. Rh1 Rxh1 37. Kxh1 Ng6 38. Qe3 Kc8 39. Kg2 Kd7 40. b4 Nf4+ {The position is equal.} 41. Bxf4 gxf4 42. Qd2 c6 {Accuracy: White = 85%, Black = 88%.} (42... e5 $11 {remains equal.}) 1/2-1/2

[Event "German Masters 2020"]
[Site "Magdeburg"]
[Date "2020.08.17"]
[Round "2.1"]
[White "Huschenbeth, Niclas"]
[Black "Nisipeanu, Liviu-Dieter"]
[Result "0-1"]
[WhiteElo "2605"]
[BlackElo "2655"]
[Annotator "TA"]
[PlyCount "58"]
[EventDate "2020.08.16"]
[EventType "tourn"]
[EventCountry "GER"]
[SourceTitle "playchess.com"]
[Source "ChessBase"]
[SourceQuality "1"]

{[%evp 16,58,32,25,65,58,87,65,71,68,59,41,85,-10,-28,-1,0,0,0,-25,41,25,33,70,59,-45,0,0,0,-379,-372,-346,-107,-108,-114,-108,-115,-122,-119,-495,-488,-481,-448,-426,-426]} 1. e4 c5 2. Nf3 e6 3. d4 cxd4 4. Nxd4 Nf6 5. Nc3 {[%cal Bb1c3,Bc3e4,Be4f2][%mdl 32]} Nc6 6. Nxc6 bxc6 7. e5 Nd5 8. Ne4 Qc7 9. f4 $1 Rb8 {B45: Sicilian Four Knights.} 10. c4 Bb4+ {[#]} 11. Ke2 $1 O-O $1 {White is slightly better.} 12. cxd5 cxd5 13. Nf2 {[#]} d6 $146 ({Predecessor:} 13... f6 14. exf6 Rxf6 15. Bd2 Ba6+ 16. Kf3 Bxd2 17. Qxd2 Rxb2 18. Rc1 Rxf4+ {0-1 (18) Shtembuliak,E (2478)-Moiseenko,A (2657) Rivne 2016}) 14. exd6 (14. a3 $16 Bc5 15. b4 Bxf2 16. Kxf2 dxe5 17. Bb2 Qb6+ 18. Ke1) 14... Bxd6 $11 15. Kf3 e5 16. fxe5 Bxe5 {[%mdl 64] aiming for ...Qc6. Double Attack} 17. Bd3 Rb6 ({Black should play} 17... Bb7 $11) 18. g3 $1 $14 {Threatens to win with Kg2.} (18. Qc2 $2 Rf6+ 19. Ke2 Re8 $19) 18... Bb7 19. Kg2 f5 $1 20. Qc2 ({Only move:} 20. Re1 $14) 20... Rc6 21. Qb3 f4 22. gxf4 $2 {[%mdl 8192]} (22. Rf1 $11) 22... Bxf4 $19 23. Rf1 {Hoping for Bxf4.} Bxc1 $2 {[#]} (23... Bxh2 $19 {and Black stays clearly on top.} 24. Be3 (24. Kh1 $2 Rb6 $19) 24... Qg3+ 25. Kh1 Qh4) 24. Raxc1 $1 $17 {[%mdl 512]} Rxc1 $40 {[%mdl 128] Black goes for the king.} 25. Rxc1 Qxc1 26. Qxb7 Qg5+ 27. Kf1 $2 {[%mdl 8192] [#]} (27. Kh1 $17 {was the crucial defense.}) 27... Qe3 $1 $19 {[%csl Gf8,LRd3,LRf2][%cal Re3f2][%mdl 512] Black is clearly winning.} 28. Qxd5+ Kh8 {[%csl Gf8][%cal Re3f2]} 29. Bf5 {and if Qd6 works, White does fine.} Qf4 {Accuracy: White = 61%, Black = 67%.} 0-1

[Event "German Masters 2020"]
[Site "Magdeburg"]
[Date "2020.08.17"]
[Round "2.2"]
[White "Donchenko, Alexander"]
[Black "Fridman, Daniel"]
[Result "1-0"]
[WhiteElo "2657"]
[BlackElo "2615"]
[Annotator "TA"]
[PlyCount "96"]
[EventDate "2020.08.16"]
[EventType "tourn"]
[EventCountry "GER"]
[SourceTitle "playchess.com"]
[Source "ChessBase"]
[SourceQuality "1"]

{[%evp 13,96,14,26,28,22,22,30,22,31,20,47,16,38,0,30,15,15,9,22,12,31,10,45,37,51,53,55,45,70,36,53,21,31,21,48,43,48,43,47,28,62,0,54,6,63,47,53,54,72,23,25,22,20,8,12,23,46,0,18,29,24,5,27,22,32,38,26,26,37,40,37,43,38,37,34,27,88,97,93,97,259,256,289,289,256]} 1. c4 e6 2. Nc3 d5 3. d4 Be7 4. cxd5 exd5 5. Bf4 Nf6 6. e3 Bf5 7. Qb3 Nc6 8. g4 {now supersedes 8.Qxb7. D35: Queen's Gambit Declined: Exchange Variation.} Nxg4 9. Qxd5 Qc8 {[#] Strongly threatening ...Nb4.} 10. Qg2 {White has an edge.} (10. Qf3 {is more complex.} Nb4 11. O-O-O g5 12. e4 c5 13. exf5 Qxf5 14. Rd2) 10... Nf6 {[#]} 11. O-O-O $146 ({Avoid the trap} 11. Qxg7 $2 Rg8 $17) ({Predecessor:} 11. Nf3 Nh5 12. Be5 O-O 13. O-O-O a6 14. h4 b5 15. Bh2 Rd8 16. Ng5 b4 17. Qxc6 bxc3 18. Qxc3 {1-0 (29) Ringoir,T (2543)-Brattain,M (2402) Charlotte 2018}) 11... Bg6 12. f3 Nh5 13. Bg5 Bxg5 14. Qxg5 Qd8 15. Qc5 {next Bb5 is good for White.} Qe7 16. Qxe7+ Nxe7 17. e4 Nf4 18. Kd2 c6 19. Ke3 Ne6 20. Bc4 Nc7 21. Nge2 f6 22. Rhg1 Bf7 23. b3 g6 24. h4 Rd8 25. h5 Kf8 26. Na4 Be8 27. Nac3 Bf7 28. Rg2 Ne8 (28... b5 $11 29. Bxf7 Kxf7) 29. Rh1 $14 g5 30. f4 h6 31. fxg5 hxg5 32. Bxf7 Kxf7 33. Ng3 Ng7 34. Rf2 Rh6 35. Rhf1 Ke6 36. b4 Rf8 37. e5 {White wants to play exf6.} Nd5+ (37... Nxh5 {with more complications.} 38. Nge4 Nd5+ 39. Nxd5 cxd5 40. Nxg5+ Ke7) 38. Nxd5 cxd5 39. Nf5 Nxf5+ 40. Rxf5 Rxh5 41. Rxf6+ Rxf6 42. Rxf6+ {[%mdl 4096] Endgame KR-KR} Ke7 43. Rd6 Rh3+ 44. Kf2 Rd3 (44... g4 $11 {keeps the balance.}) 45. Rxd5 $16 g4 {[#]} 46. a4 $1 g3+ $2 (46... Rb3 $16 {was worth a try.}) 47. Kg2 $18 b6 48. Rd6 Ke8 {Accuracy: White = 85%, Black = 72%.} 1-0

[Event "German Masters 2020"]
[Site "Magdeburg"]
[Date "2020.08.17"]
[Round "2.3"]
[White "Bluebaum, Matthias"]
[Black "Kollars, Dmitrij"]
[Result "1/2-1/2"]
[WhiteElo "2647"]
[BlackElo "2586"]
[Annotator "TA"]
[PlyCount "93"]
[EventDate "2020.08.16"]
[EventType "tourn"]
[EventCountry "GER"]
[SourceTitle "playchess.com"]
[Source "ChessBase"]
[SourceQuality "1"]

{[%evp 11,93,-6,-6,-3,-9,-12,0,0,18,6,23,18,37,32,38,27,37,30,31,30,75,71,80,75,89,88,92,77,93,79,77,64,83,27,27,23,34,32,54,40,50,55,58,-12,2,1,4,3,5,0,16,0,2,-5,15,14,22,22,22,23,33,35,30,15,15,15,27,15,15,15,15,15,15,14,15,15,15,14,14,0,0,0,0,0]} 1. d4 Nf6 2. Nf3 e6 3. Bf4 d5 4. e3 Bd6 5. Ne5 O-O 6. Nd2 c5 7. c3 {D02: 1 d4 d5 2 Nf3 sidelines, including 2...Nf6 3 g3 and 2...Nf6 3 Bf4.} Qc7 $1 {[%mdl 4] is more profitable than 7...Nc6 at the moment. Played by Alireza Firouzja in March 2020.} 8. Bd3 Nc6 {[%cal Rc6e5]} 9. Ndf3 cxd4 10. exd4 Ne4 11. Bg3 b6 12. Qc2 {[#]} Bb7 $146 ({Predecessor:} 12... f5 13. Nxc6 Qxc6 14. Bxd6 Nxd6 15. Ne5 Qc7 16. O-O-O b5 17. h4 a6 18. h5 b4 {0-1 (27) Alegre,E (1698)-Tanner,P (1927) Buenos Aires 2011}) 13. Nxc6 Qxc6 14. Ne5 $36 {[%mdl 2048] White is more active.} Bxe5 15. Bxe5 h6 16. O-O f6 17. Bf4 Rae8 18. f3 Nd6 19. Rae1 Nf7 20. Qb3 Qd7 21. Bg3 e5 22. dxe5 (22. h3 $16) 22... Nxe5 $11 23. Be2 Re7 24. Rd1 Qc7 25. Qc2 Qc6 26. b3 Rc8 27. c4 ({Better is} 27. Rc1 $1 $14) 27... dxc4 28. Bxe5 Rxe5 29. Bxc4+ Kh8 {[#] Strongly threatening ...b5.} 30. Qg6 Rf8 31. Kh1 Rg5 32. Qc2 b5 33. Bd3 $1 Qxc2 (33... Rc8 {keeps more tension.} 34. Qxc6 Bxc6 35. h4 Rc5 36. Rfe1 Be8) 34. Bxc2 Rc5 35. Bg6 Rg5 36. Bb1 Rd5 37. Rxd5 (37. h4 {is more complex.} a5 38. Bg6 a4 39. Kg1 Bc6 40. Rc1) 37... Bxd5 {[%mdl 4096] Endgame KRB-KRB} 38. Rd1 Bg8 39. h4 a5 {The position is equal.} 40. Bg6 a4 41. bxa4 bxa4 42. a3 Bb3 43. Rd7 Kg8 44. Kh2 Rc8 45. Ra7 Kf8 46. Kg3 Rc1 47. Ra8+ {Accuracy: White = 93%, Black = 97%.} 1/2-1/2

[Event "German Masters 2020"]
[Site "Magdeburg"]
[Date "2020.08.17"]
[Round "2.4"]
[White "Meier, Georg"]
[Black "Heimann, Andreas"]
[Result "1/2-1/2"]
[WhiteElo "2621"]
[BlackElo "2622"]
[Annotator "TA"]
[PlyCount "53"]
[EventDate "2020.08.16"]
[EventType "tourn"]
[EventCountry "GER"]
[SourceTitle "playchess.com"]
[Source "ChessBase"]
[SourceQuality "1"]

{[%evp 11,53,0,20,10,20,0,19,-16,-9,0,-11,-14,-9,-1,11,0,0,0,0,-13,9,0,4,-21,-14,-20,0,0,0,0,0,0,0,0,0,0,0,0,0,0,0,0,0,0]} 1. d4 Nf6 2. c4 e6 3. g3 d5 4. Bg2 dxc4 5. Qa4+ Nbd7 6. Qxc4 a6 {The position is equal.} 7. Be3 {E03: Open Catalan: 5 Qa4+ Nbd7 6 Qxc4.} Bd6 8. Nh3 O-O 9. Nc3 b5 10. Qd3 Rb8 11. Rd1 {[#]} Qe7 $146 ({Predecessor:} 11... Bb7 12. Bxb7 Rxb7 13. O-O Qa8 14. Ng5 b4 15. Nce4 h6 16. Nxf6+ Nxf6 17. Ne4 Nxe4 18. Qxe4 {0-1 (59) Makhnev,D (2476)-Pak,Y (2384) Almaty 2019}) 12. Ng5 Bb7 13. O-O Bxg2 14. Kxg2 h6 15. Nge4 b4 16. Nxf6+ Nxf6 17. Na4 Rb5 {[%cal Bb8b5,Bb5h5,Bh5h4][%mdl 32]} 18. Rfe1 Qd7 19. b3 Rh5 20. h4 e5 21. dxe5 $1 Rxh4 $1 {Strongly threatening ...Qh3+.} 22. exf6 Qh3+ 23. Kf3 {[#] Black must now prevent Rh1.} Qg4+ 24. Kg2 {aiming for Rh1.} Qh3+ 25. Kf3 Qg4+ 26. Kg2 {And now Rh1 would win.} Qh3+ 27. Kf3 {A rather calm draw. Accuracy: White = 87%, Black = 100%.} 1/2-1/2

[Event "German Masters 2020"]
[Site "Magdeburg"]
[Date "2020.08.18"]
[Round "3.1"]
[White "Heimann, Andreas"]
[Black "Huschenbeth, Niclas"]
[Result "1/2-1/2"]
[WhiteElo "2622"]
[BlackElo "2605"]
[Annotator "TA"]
[PlyCount "89"]
[EventDate "2020.08.16"]
[EventType "tourn"]
[EventCountry "GER"]
[SourceTitle "playchess.com"]
[Source "ChessBase"]
[SourceQuality "1"]

{[%evp 12,89,9,0,6,0,12,5,39,39,45,-13,-7,-33,-31,-27,-28,-47,-31,-31,-24,-33,-24,-56,-45,-20,-7,-26,-10,-4,-4,-109,-108,-258,-219,-185,-20,-31,0,0,0,0,8,0,0,-6,-6,-6,-6,-12,-10,-21,-8,-69,-8,-10,-10,-10,-8,-8,-8,-8,0,0,0,0,0,0,0,0,0,0,0,0,0,0,0,0,0,0]} 1. e4 c5 2. Nf3 d6 3. d4 cxd4 4. Nxd4 Nf6 5. Nc3 a6 6. f4 e5 7. Nb3 Nc6 {B93: Sicilian Najdorf: 6 f4.} 8. f5 d5 {[#]} 9. Bg5 $146 {[%cal Rc3d5]} ({Predecessor:} 9. exd5 Nb4 10. Bg5 Bxf5 11. Bd3 Bxd3 12. cxd3 Qb6 13. Qe2 O-O-O 14. Be3 Nc2+ 15. Qxc2 Qxe3+ {0-1 (30) Deste,D-Hopfgartner,A ICCF email 2010}) 9... dxe4 10. Qxd8+ Kxd8 11. g4 (11. Bc4 $14) 11... h5 $11 12. O-O-O+ Kc7 13. Bxf6 gxf6 14. Nd5+ Kb8 15. Be2 hxg4 16. Bxg4 Ka7 $36 {[%mdl 2048] Black has good play.} 17. h3 Bh6+ 18. Kb1 Bg5 19. Rhe1 Rd8 20. Nc5 Nd4 21. Nc7 (21. Ne7 $1 $11 {keeps the balance.}) 21... Rb8 $17 {White must now prevent ...e3.} 22. c3 (22. Nxe4 $17 Bh4 23. Rf1) 22... Bxf5 $19 23. cxd4 {[#]} Bxg4 $2 (23... Bg6 $1 $19 {Hoping for ...f5.} 24. d5 (24. Nxe4 $2 Bh4 $19) 24... f5) 24. hxg4 $11 Rbc8 25. Nxe4 Rxc7 26. dxe5 Rxd1+ 27. Rxd1 {[%mdl 4096] Endgame KRB-KRN} Re7 28. Rd5 Bf4 29. Nxf6 Bxe5 30. Nh5 Kb6 31. Rd2 Kc6 32. Kc2 {[#]} ({White should play} 32. Rf2 $11) 32... Rd7 ({Black should try} 32... f5 $1 $15 {[%mdl 512]} 33. Re2 (33. gxf5 Rh7) 33... fxg4) 33. Rf2 {The position is equal.} Rd4 34. Rf5 Kd6 35. Rxf7 Rxg4 36. Rxb7 Rg5 37. Rb6+ Kc5 38. Rh6 a5 39. Nf6 {Ne4+ is the strong threat.} Rg2+ 40. Kd3 Bxb2 41. Rh5+ Kc6 42. Rxa5 Bxf6 43. Ra6+ Kb5 44. Rxf6 Rxa2 45. Ke4 {Accuracy: White = 77%, Black = 81%.} 1/2-1/2

[Event "German Masters 2020"]
[Site "Magdeburg"]
[Date "2020.08.18"]
[Round "3.2"]
[White "Kollars, Dmitrij"]
[Black "Meier, Georg"]
[Result "1/2-1/2"]
[WhiteElo "2586"]
[BlackElo "2621"]
[Annotator "TA"]
[PlyCount "109"]
[EventDate "2020.08.16"]
[EventType "tourn"]
[EventCountry "GER"]
[SourceTitle "playchess.com"]
[Source "ChessBase"]
[SourceQuality "1"]

{[%evp 20,109,39,28,40,41,37,42,60,44,45,31,46,53,54,54,54,56,56,55,55,55,54,55,57,51,56,43,46,41,51,57,52,51,58,57,58,57,57,57,76,76,78,76,76,76,85,76,76,76,76,76,76,72,72,72,72,72,72,72,72,72,79,72,79,66,79,66,66,66,66,66,66,66,6592,66,66,66,66,0,66,66,66,66,67,67,67,30,54,54,54,54]} 1. c4 c6 2. Nf3 d5 3. d4 Nf6 4. Nc3 g6 5. cxd5 cxd5 6. Bf4 Bg7 7. e3 O-O 8. Bd3 Bg4 9. h3 Bxf3 10. Qxf3 Nc6 11. O-O Re8 {D90: Grünfeld: 4 Nf3 Bg7 sidelines.} 12. Rfd1 Rc8 13. Rac1 {[#]} h6 $146 ({Predecessor:} 13... a6 14. Qe2 e6 15. Na4 e5 16. dxe5 Nxe5 17. Bxe5 Rxe5 18. Rxc8 Qxc8 19. Qc2 Qe8 {½-½ (31) Kristinsson,J (2239)-Thorsteins,K (2453) Reykjavik 2015}) 14. Qe2 a6 15. Bh2 Qa5 16. a3 e6 17. Rc2 e5 18. dxe5 Nxe5 19. Bxe5 Rxe5 20. Nxd5 {[%mdl 64] Discovered Attack} Rxc2 21. Nxf6+ Bxf6 22. Qxc2 Kg7 23. Bc4 Qc7 {Threatens to win with ...Rc5.} 24. b4 Re6 {Hoping for ...Rc6.} 25. Qd3 Rc6 26. Bb3 Rc1 27. Rxc1 Qxc1+ 28. Kh2 Qc3 29. Qd1 a5 30. bxa5 Qxa5 {[#]} 31. Qd7 $1 Qe5+ 32. g3 Be7 33. Qxb7 {Black must now prevent Kg2.} Qf6 34. Kg2 {And now a4 would win.} Bxa3 35. h4 g5 36. h5 Bd6 37. Qd5 Kf8 38. Qe4 Kg7 39. Qd3 Be5 40. Qd7 Kf8 41. Bd5 Kg7 42. f3 Kf8 43. Kh3 Qe7 44. Qf5 Bf6 45. e4 Qe5 46. Qd7 {[%csl Gd5][%cal Rd7f7]} Be7 $2 {[%mdl 8192] [#]} (46... Qe8 $14 47. Qb7 Qe7 48. Qc8+ Qe8) 47. Kg4 $2 ({White has to play} 47. Qc8+ $1 $18 Kg7 {[#]} 48. Qe8 $1 {[%mdl 512]} g4+ {[%mdl 64] Discovered Attack} 49. fxg4) 47... Qf6 $14 48. Qc8+ Kg7 49. Qd7 Kf8 $1 50. Bc4 Kg7 51. Qe8 {e5! would kill now.} Bd6 52. e5 $1 {[%cal Re5f6]} Qe7 53. Bxf7 {[%csl Gf7][%cal Re8g8]} Qxe8 54. Bxe8 Bxe5 55. f4 {Accuracy: White = 90%, Black = 92%.} 1/2-1/2